000 01111nac a22003015a 4500
008 150817r20041998enka fr 001 0 eng d
010 _a 97011246
020 _a0471974447 (alk. pbk.)
020 _a9780471974444
040 _aEG-ScBUE
_beng
_cEG-ScBUE
082 0 4 _a005.1
_bSOM
_222
100 1 _aSommerville, Ian,
245 1 0 _aRequirements engineering :
_ba good practice guide /
_cIan Sommerville and Pete Sawyer.
260 _aChichester :
_bJohn Wiley & Sons,
_c2004.
300 _axi, 391 p. :
_bill. ;
_c24 cm.
500 _aIndex : p. 389-391.
500 _adistributer: Baccah.
590 _acatalogued by: Mostafa El-Helaly
650 0 _aComputer software
_xDevelopment.
_2BUEsh
650 0 _aSystem analysis.
_2BUEsh
650 0 _aSystems engineering.
_2BUEsh
651 _2BUEsh
653 _bENGARC
_cAugust2015
700 1 _aSawyer, Pete
_q(Pete H.),
_d1958-
856 4 2 _3Publisher description
_uhttp://www.loc.gov/catdir/description/wiley032/97011246.html
856 4 2 _3Table of contents
_uhttp://www.loc.gov/catdir/toc/wiley022/97011246.html
942 _cNB
_k005.1SOM
_2ddc
999 _c7977
_d7976